000 00612nam a2200193Ia 4500
003 IN-BaIIA
008 211028s9999 xx 000 0 eng d
020 _a90-277-1374-X
040 _cIIA Library
080 _a523.9:538
_bPRI
100 _aPriest, Eric R.
_912427
245 0 _aSolar magneto-hydrodynamics
_cEric R. Priest
260 _aDordrecht
_bD. Reidel Publishing
_c1982
300 _axix, 469p.
490 _aGeophysics and astrophysics monographs; v. 21
650 _aMagneto-hydrodynamics
_912428
650 _aSolar magnetic field
_97748
942 _cBK
999 _c7269
_d7269